خا کے (Record no. 172854)

MARC details
000 -LEADER
fixed length control field 00519nam a22001937a 4500
005 - DATE AND TIME OF LATEST TRANSACTION
control field 20200213165432.0
010 ## - LCCN (DPL NO)
LC control number A-243809
020 ## - INTERNATIONAL STANDARD BOOK NUMBER
Terms of availability 30.00
International Standard Book Number -
035 ## - SYSTEM CONTROL NUMBER
System control number A-243809
037 ## - SOURCE OF ACQUISITION
Source of stock number/acquisition BPPD
082 ## - DEWEY DECIMAL CLASSIFICATION NUMBER
Classification number 920
100 ## - MAIN ENTRY--PERSONAL NAME
Personal name عو ض سعيد
245 ## - TITLE STATEMENT
Title خا کے
Statement of responsibility, etc عو ض سعيد
246 ## - VARYING FORM OF TITLE
Title proper/short title Khake
Remainder of title Oz Sayeed
260 ## - PUBLICATION, DISTRIBUTION, ETC. (IMPRINT)
Place of publication, distribution, etc N.D.
Name of publisher, distributor, etc Maktaba jamia Ltd.
Date of publication, distribution, etc -
270 ## - ADDRESS
Address Jamia nagar,
City New Delhi
Postal code 110025
Telephone number -
Fax number -
Electronic mail address -
300 ## - PHYSICAL DESCRIPTION
Extent 149 ص
Dimensions 21 Cm.(P.b)
942 ## - ADDED ENTRY ELEMENTS (KOHA)
Source of classification or shelving scheme Dewey Decimal Classification
Item type Urdu Bks
Classification part 920
Call number suffix ع و ض
Holdings
Withdrawn status Lost status Not for loan Collection code Home library Current library Date acquired Source of acquisition Cost, normal purchase price Full call number Barcode Copy number Cost, replacement price Koha item type
      Non-fiction Central Library Central Library 13/02/2020 BPPD/Ven. 30.00 920 ع و ض A-243809 1 30.00 Urdu Bks

© Delhi Public Library
Hit Counter
free hit counter